000
00336nam a2200145Ia 4500
008
240112s2015 xx 000 0 und d
022
_a
900036
041
_a
eng
082
_a
614
100
_a
HEYMANN D.L.
245
_a
AMERICAN JOU.OF PUBLIC HEALTH
260
_b
APHA
_c
2015
300
_a
607-1055
_c
APR-SUP-MAY
440
_v
105
999
_c
1144641
_d
1144641